| 000 | 01446nam a22003857a 4500 | ||
|---|---|---|---|
| 003 | CHAP | ||
| 005 | 20220817041321.0 | ||
| 008 | 971013s1981 r 00010 d | ||
| 010 | _a11142 | ||
| 011 | _a12114 | ||
| 035 | _a14220 | ||
| 040 | _cCHAP | ||
| 090 | _aFolleto 7093 | ||
| 100 | 0 | 0 |
_aPalacios Sánchez, Luis Alberto. _984837 |
| 245 | _aDeterminación de modelos matemáticos empíricos del coeficiente de gastos en compuertas radiales | ||
| 260 |
_aChapingo, Méx. : _bUACH. Depto. de Irrigación, _c1981 |
||
| 300 | _a36 p. | ||
| 490 |
_aUACH. Depto. de Irrigación. Boletín técnico _v; 25 |
||
| 500 | _ac.5-7 en bodega | ||
| 500 | _aResumen del trabajo original presentado como tesis | ||
| 590 |
_aBATCH-UPD _b10 _c20130110 _lUCH01 _h1302 |
||
| 590 |
_aBATCH-UPD _b10 _c20130410 _lUCH01 _h0819 |
||
| 590 |
_aBATCH-UPD _b10 _c20130914 _lUCH01 _h1050 |
||
| 590 |
_aCONVERSION _b10 _c20130109 _lUCH01 _h1307 |
||
| 650 | 1 | 4 |
_aCorrientes de agua _xMedición. _928261 |
| 650 | 1 | 4 |
_aHidráulica _zMéxico (D.F.). _955231 |
| 710 | 0 |
_aUACH. Departamento de Irrigación. _9115874 |
|
| 830 | 0 |
_aUACH. Depto. de Irrigación Boletín técnico _v; 25 |
|
| 901 | _aBK | ||
| 942 | _cFOLL | ||
| 949 |
_aFolleto 7093 _bBC _cFOLL _d-95267 _eTS1 _i14220 _si |
||
| 949 |
_aFolleto 7093 _bBC _cFOLL _d-95269 _eTS2 _fc.3 _i14220 _si |
||
| 949 |
_aFolleto 7093 _bBC _cFOLL _d142202 _eTS2 _fc.2 _i14220 _sb |
||
| 949 |
_aFolleto 7093 _bBC _cUACH _d-95270 _eUACH _i14220 _si |
||
| 999 |
_c11142 _d11142 |
||